TOUS les arcs de One Piece (y compris les hors-séries) - Statistiques

Statistiques générales
  • Ce quiz a été pris 46 fois
  • Le résultat moyen est 22 sur 49
Statistiques - réponses
Type d'arc Arcs de One Piece % Correct
Canon Arlong Park
84%
Canon Marine Ford
78%
Canon Alabasta
76%
Canon Baratie
76%
Canon Wano Kuni
76%
Canon Water Seven
76%
Canon Enies Lobby
73%
Canon Thriller Bark
73%
Canon Dressrosa
70%
Canon Sabaody
68%
Canon Impel Down
65%
Canon Jaya
65%
Canon Punk Hazard
65%
Canon Skypiea
65%
Canon Drum
62%
Canon Elbaf
62%
Canon Ile des Hommes-Poissons
62%
Canon Egg Head
59%
Canon Loguetown
59%
Canon Whole Cake Island
59%
Canon Zou
59%
Canon Amazon Lily
57%
Canon Little Garden
54%
Canon Reverse Mountain
54%
Canon Romance Dawn
54%
Canon Whiskey Peak
54%
Canon Long Ring Long Land
51%
Canon Orange Town
49%
Canon Rêverie
49%
Canon Sirop
49%
Canon Retour à Sabaody
46%
Canon Post Enies Lobby
43%
Canon Post Marine Ford
43%
Hors-série G-8
35%
Hors-série Le Retour de Foxy
14%
Hors-série Post Alabasta
14%
Hors-série Brume Arc-en-ciel
11%
Hors-série Guilde de Cidre
11%
Hors-série Ile des Chèvres
11%
Hors-série Ile de Spa
11%
Hors-série Ile du Navire de Guerre
11%
Hors-série Little East Blue
11%
Hors-série Passé d'Uta
11%
Hors-série Voleur de Mémoire
11%
Hors-série Chasseurs de Glace
8%
Hors-série Mine Argentée
8%
Hors-série Récupération de César
8%
Hors-série Rookies de la Marine
8%
Hors-série Le Boss Luffy au Chapeau de Paille
5%
Aucun quiz correspondant
Distribution des résultats
% des personnes avec chaque résultat
Percentile par nombre de réponses
Votre historique - résultats
Vous n’avez pas pris ce quiz